00369 a2200109 4500001001000000005001700010008004100027245003000068100002200098773012200120999001700242ART_1086520260410161853.0260409a 10aEscupamos sobre Júpiter1 aLitardo, Emiliano0 tFilosofía del derechogCuestiones conceptuales, metodológicas y normativas - Año I, Nº 1 (mayo 2012)wREV10449 c25179d25179